| 000 | 00646nam a22002057a 4500 | ||
|---|---|---|---|
| 999 |
_c18231 _d18231 |
||
| 003 | AR-CdUCM | ||
| 008 | 190513b ||||| |||| 00| 0 spa d | ||
| 040 |
_aMUNICIPALIDAD PROVINCIAL DEL CUSCO _cBIBLIOTECA MUNICIPAL DEL CUSCO |
||
| 082 |
_a374.11 / _bK56 |
||
| 100 |
_aKing, Edmund J. _938698 |
||
| 245 | _aLas necesidades de la sociedad moderna y la función del maestro / | ||
| 260 |
_aLima ; _bEl ateneo, _c1973. |
||
| 300 |
_a259 paginas ; _c20 cm. |
||
| 500 | _aHistoria y literatura | ||
| 650 |
_aHistoria _9136 |
||
| 650 |
_aLiteratura _983 |
||
| 700 |
_aThomas, Juan Jorge _938699 |
||
| 942 |
_2ddc _cLIBROS |
||
| 945 |
_apjha _d2019-05-13 |
||